[Event "World Senior Teams +50"]
[Site "Radebeul GER"]
[Date "2016.07.03"]
[Round "8.6"]
[Board "4"]
[White "Ponater, Michael"]
[Black "Ross, Paul"]
[Result "1/2-1/2"]
[BlackTitle "FM"]
[WhiteElo "2159"]
[BlackElo "2282"]
[WhiteTeam "SF Monheim Revival"]
[BlackTeam "Canada"]
[WhiteFideId "4623983"]
[BlackFideId "2600420"]
[EventDate "2016.06.26"]

1. e4 g6 2. Nc3 Bg7 3. d4 d6 4. Be2 a6 5. a4 b6 6. Be3 Bb7 7. Qd2 Nd7 8. f3 h6
9. h4 e6 10. h5 g5 11. g4 Ne7 12. Nh3 d5 13. e5 c5 14. f4 gxf4 15. Nxf4 cxd4 16.
Bxd4 Nc6 17. Bf2 Ndxe5 18. O-O-O Na5 19. Rhe1 Nac4 20. Bxc4 Nxc4 21. Nxe6 fxe6
22. Rxe6+ Kd7 23. Qe2 Bxc3 24. bxc3 Nd6 25. Bg3 Nf7 26. Rf1 Qg5+ 27. Kb2 Nd8 28.
Rf5 Nxe6 29. Rxg5 Nxg5 30. Qe5 Rh7 31. Qc7+ Ke8 32. Qxb6 Rc8 33. Qg6+ Kd7 34.
Qd6+ Ke8 35. Qg6+ Kd7 36. Qd6+ 1/2-1/2

[Event "World Senior Teams +50"]
[Site "Radebeul GER"]
[Date "2016.07.03"]
[Round "8.7"]
[Board "2"]
[White "Ungure, Liga"]
[Black "Boehm, Martin"]
[Result "1/2-1/2"]
[WhiteTitle "WFM"]
[WhiteElo "1950"]
[BlackElo "2234"]
[WhiteTeam "Latvia Women"]
[BlackTeam "Post-SV Ulm"]
[WhiteFideId "11600330"]
[BlackFideId "4608356"]
[EventDate "2016.06.26"]

1. e4 c5 2. Nf3 e6 3. d3 Nc6 4. g3 d5 5. Qe2 Nf6 6. Bg2 Be7 7. O-O b6 8. e5 Nd7
9. c4 d4 10. h4 h6 11. h5 Bb7 12. Bf4 g5 13. hxg6 fxg6 14. g4 g5 15. Bg3 Qc7 16.
Nbd2 O-O-O 17. Ne4 Rdf8 18. Nd6+ Bxd6 19. exd6 Qd8 20. Qxe6 Re8 21. Qf7 Ref8 22.
Qe6 1/2-1/2

[Event "World Senior Teams +50"]
[Site "Radebeul GER"]
[Date "2016.07.03"]
[Round "8.7"]
[Board "3"]
[White "Pieper, Thomas"]
[Black "Priedite, Ingrida"]
[Result "1/2-1/2"]
[BlackTitle "WFM"]
[WhiteElo "2226"]
[BlackElo "2067"]
[WhiteTeam "Post-SV Ulm"]
[BlackTeam "Latvia Women"]
[WhiteFideId "4606299"]
[BlackFideId "11600217"]
[EventDate "2016.06.26"]

1. e4 c5 2. Nf3 e6 3. d4 cxd4 4. Nxd4 a6 5. Nc3 Qc7 6. g3 Nc6 7. Bg2 Nf6 8. O-O
Be7 9. Re1 Nxd4 10. Qxd4 d6 11. h3 O-O 12. g4 Bd7 13. g5 Ne8 14. Qd3 Bc6 15. f4
Rd8 16. Be3 b5 17. a3 Qb7 18. f5 exf5 19. Nd5 Bxd5 20. exd5 g6 21. Re2 f6 22. h4
fxg5 23. Bxg5 Bxg5 24. hxg5 Ng7 25. Qd4 Rde8 26. Rae1 Rxe2 27. Rxe2 Re8 28.
Rxe8+ Nxe8 29. Qe3 Ng7 30. b4 Kf7 31. Kf2 Qc7 32. c3 Qe7 33. c4 bxc4 34. Bf1 Qc7
35. Qc3 Qb6+ 36. Qe3 Qc7 37. Qc3 1/2-1/2

[Event "World Senior Teams +50"]
[Site "Radebeul GER"]
[Date "2016.07.03"]
[Round "8.7"]
[Board "4"]
[White "Rozlapa, Vija"]
[Black "Habel, Christof"]
[Result "1/2-1/2"]
[WhiteElo "2012"]
[BlackElo "2042"]
[WhiteTeam "Latvia Women"]
[BlackTeam "Post-SV Ulm"]
[WhiteFideId "11600802"]
[BlackFideId "24602540"]
[EventDate "2016.06.26"]

1. e4 e6 2. Nf3 d5 3. Nc3 dxe4 4. Nxe4 Bd7 5. d4 Bc6 6. Bd3 Be7 7. c3 Nd7 8. O-O
Ngf6 9. Qe2 Bxe4 10. Bxe4 Nxe4 11. Qxe4 c6 12. Ne5 Nf6 13. Qf3 Qd5 14. Qxd5 Nxd5
15. Bd2 f6 16. Nd3 Rd8 17. Rae1 Kf7 18. Re2 Rhe8 19. Rfe1 Bf8 20. f4 h5 21. b3
Nc7 22. a4 b6 23. Nb2 Nd5 24. g3 g6 25. Kf2 Nc7 26. Be3 Nd5 27. Bd2 Rd7 28. Kf3
Nc7 29. Be3 Red8 30. h3 Nd5 31. Rc2 Nxe3 32. Rxe3 c5 33. dxc5 Bxc5 34. Ree2 Ba3
35. Nc4 Rd3+ 36. Re3 Bc5 37. Rxd3 Rxd3+ 38. Kg2 h4 39. gxh4 Bf8 40. Nb2 Re3 41.
Nc4 Rd3 42. Nb2 Re3 43. Nc4 Rd3 1/2-1/2

[Event "World Senior Teams +50"]
[Site "Radebeul GER"]
[Date "2016.07.03"]
[Round "8.8"]
[Board "1"]
[White "Giulian, Philip M"]
[Black "Jakel, Wolfgang"]
[Result "0-1"]
[WhiteTitle "FM"]
[WhiteElo "2127"]
[BlackElo "2204"]
[WhiteTeam "Scotland"]
[BlackTeam "VSG 1880 Offenbach"]
[WhiteFideId "2400197"]
[BlackFideId "4625676"]
[EventDate "2016.06.26"]

1. d4 d5 2. c4 e6 3. Nc3 c5 4. cxd5 exd5 5. Nf3 Nc6 6. g3 Nf6 7. Bg2 Be7 8. O-O
cxd4 9. Nxd4 O-O 10. Bf4 Bg4 11. h3 Be6 12. Rc1 Qd7 13. Nxe6 fxe6 14. Na4 Rad8
15. Nc5 Qc8 16. Nd3 h6 17. Ne5 Bd6 18. Nxc6 bxc6 19. Bxd6 Rxd6 20. Qc2 Qb8 21.
b3 e5 22. e3 Nd7 23. e4 d4 24. h4 Rdf6 25. Bh3 Qd6 26. Kg2 Kh8 27. Qd3 Nc5 28.
Qc2 Na6 29. f3 Nb4 30. Qd2 d3 31. Rc3 Rd8 32. Rd1 Qf8 33. a3 Nc2 34. Rxd3 Rxd3
35. Qxd3 Nxa3 36. Qc3 Rd6 37. Rxd6 Qxd6 38. Kf2 Nb5 39. Qe3 Qa3 40. Bf1 Qb2+ 41.
Kg1 Nd4 42. Bc4 Qd2 43. Qf2 Qc3 44. f4 Nxb3 45. Bxb3 Qxb3 46. fxe5 Qb6 0-1

[Event "World Senior Teams +50"]
[Site "Radebeul GER"]
[Date "2016.07.03"]
[Round "8.8"]
[Board "2"]
[White "Hoehn, Michael"]
[Black "Findlay, David John"]
[Result "0-1"]
[WhiteElo "2069"]
[BlackElo "2132"]
[WhiteTeam "VSG 1880 Offenbach"]
[BlackTeam "Scotland"]
[WhiteFideId "4622693"]
[BlackFideId "2400278"]
[EventDate "2016.06.26"]

1. e4 e5 2. Nf3 d6 3. d4 exd4 4. Bc4 Nc6 5. Nxd4 g6 6. Nc3 Bg7 7. Be3 Nf6 8.
Nxc6 bxc6 9. e5 Ng4 10. Qd2 O-O 11. Bg5 Qe8 12. O-O-O Qxe5 13. f3 Qxg5 14. Qxg5
Bh6 15. Qxh6 Nxh6 16. g4 Be6 17. Ba6 Rab8 18. Rd4 Rb6 19. Ra4 Rfb8 20. b3 Rb4
21. f4 Rxa4 22. Nxa4 Bd5 23. Re1 Kf8 24. Nc3 Ng8 25. Bd3 Re8 26. Rg1 Re3 27. h4
Nf6 28. h5 Rf3 29. hxg6 hxg6 30. f5 g5 31. Nxd5 Nxd5 32. Rh1 Kg7 33. Be4 Rf4 34.
Bxd5 cxd5 35. Rg1 Kf6 36. Kd2 Re4 37. Kd3 Ke5 38. a4 a5 39. c4 d4 40. c5 Re3+
41. Kc4 Rc3+ 42. Kb5 Rxc5+ 43. Ka6 d3 44. Rh1 Kd4 0-1

[Event "World Senior Teams +50"]
[Site "Radebeul GER"]
[Date "2016.07.03"]
[Round "8.8"]
[Board "3"]
[White "Giulian, Rosemary A"]
[Black "Trumpp, Lothar"]
[Result "1-0"]
[WhiteElo "1864"]
[BlackElo "2037"]
[WhiteTeam "Scotland"]
[BlackTeam "VSG 1880 Offenbach"]
[WhiteFideId "2400375"]
[BlackFideId "4673514"]
[EventDate "2016.06.26"]

1. e4 Nc6 2. Nc3 d6 3. d4 Nf6 4. Nf3 e6 5. a3 Be7 6. Bd3 e5 7. Bb5 exd4 8. Nxd4
Bd7 9. Nxc6 bxc6 10. Bd3 O-O 11. O-O h6 12. h3 Nh7 13. Re1 Re8 14. Ne2 Bf8 15.
c3 Qh4 16. Bf4 Qf6 17. Qc2 Ng5 18. Bg3 Ne6 19. b4 g6 20. Rad1 Qe7 21. Nf4 Bg7
22. Nxe6 Bxe6 23. e5 d5 24. f4 Qd7 25. Kh2 a5 26. c4 axb4 27. axb4 Ra3 28. Ra1
Rea8 29. Rxa3 Rxa3 30. Rd1 Bf8 31. Qb2 Ra4 32. c5 Qc8 33. Ra1 Qa8 34. Rxa4 Qxa4
35. Qb1 Be7 36. Bxg6 fxg6 37. Qxg6+ Kf8 38. Qxe6 Qxb4 39. Qxh6+ Kg8 40. Qxc6
Qxc5 41. Qe8+ Bf8 42. e6 Qe7 43. Qc6 d4 44. Qe4 Bg7 45. f5 c5 46. Be5 d3 47.
Bxg7 d2 48. Qd3 Qxg7 49. Qxd2 Qe5+ 50. Kg1 Qxf5 51. Qd8+ 1-0

[Event "World Senior Teams +50"]
[Site "Radebeul GER"]
[Date "2016.07.03"]
[Round "8.8"]
[Board "4"]
[White "Weiss, Matthias"]
[Black "Jennings, Richard"]
[Result "1-0"]
[WhiteElo "2043"]
[BlackElo "1855"]
[WhiteTeam "VSG 1880 Offenbach"]
[BlackTeam "Scotland"]
[WhiteFideId "4638190"]
[BlackFideId "2404435"]
[EventDate "2016.06.26"]

1. e4 e6 2. d4 d5 3. Nd2 a6 4. Bd3 c5 5. dxc5 Bxc5 6. exd5 exd5 7. Nb3 Ba7 8.
Nf3 Nf6 9. Qe2+ Qe7 10. Qxe7+ Kxe7 11. O-O Nc6 12. Re1+ Be6 13. c3 Rae8 14. Be3
Bb8 15. Nc5 Bc8 16. Nd4 Nxd4 17. Bxd4+ Kd6 18. b4 h5 19. a4 Rxe1+ 20. Rxe1 Re8
21. Rxe8 Nxe8 22. f4 Bc7 23. a5 Kc6 24. Bc2 b6 25. axb6 Kxb6 26. Ne6+ Kb7 27.
Nxc7 Kxc7 28. Be5+ Kd8 29. Kf2 Bb7 30. g3 g6 31. Ke3 Nc7 32. Bxc7+ Kxc7 33. Kd4
Kd6 34. Bd3 Bc8 35. Be2 f6 36. Bd3 g5 37. fxg5 fxg5 38. h4 gxh4 39. gxh4 Kc6 40.
Ke5 a5 41. bxa5 Bg4 42. Kd4 Bd1 43. Bf1 Bg4 44. Ba6 Bd1 45. Bd3 Bf3 46. Bf1 Bd1
47. Bg2 Kb5 48. Bxd5 Kxa5 49. Kc5 Be2 50. Bb7 Ka4 51. Bd5 Ka3 52. Bc4 Bg4 53.
Kd4 Kb2 54. Bd5 Kc2 55. c4 Kd2 56. c5 Ke2 57. Ke4 Bf3+ 58. Ke5 Bg4 59. c6 Kf2
60. Kf4 Kg1 61. Kg3 Bc8 62. Bf3 1-0

[Event "World Senior Teams +50"]
[Site "Radebeul GER"]
[Date "2016.07.03"]
[Round "8.9"]
[Board "1"]
[White "Revuckij, Vladimir"]
[Black "Gempe, Thomas"]
[Result "1/2-1/2"]
[WhiteTitle "IM"]
[BlackTitle "FM"]
[WhiteElo "2401"]
[BlackElo "2206"]
[WhiteTeam "Obuchiw"]
[BlackTeam "Schachfreunde Leipzig 50+"]
[WhiteFideId "14106167"]
[BlackFideId "4615638"]
[EventDate "2016.06.26"]

1. e4 c5 2. Nf3 d6 3. d4 Nf6 4. Nc3 cxd4 5. Qxd4 a6 6. Bg5 Nc6 7. Qd2 e6 8.
O-O-O h6 9. Bf4 e5 10. Bg3 Be6 11. Kb1 b5 12. Qe1 Qa5 13. Nd5 Bxd5 14. Qxa5 Nxa5
15. exd5 Be7 16. Nd2 Nh5 17. f3 Nxg3 18. hxg3 Kd7 19. Bd3 g6 20. g4 Bg5 21. b3
Nb7 22. c4 Nc5 23. Kc2 b4 24. Ne4 a5 25. Nxc5+ dxc5 26. g3 Kd6 27. a4 bxa3 28.
Ra1 a4 29. Rxa3 axb3+ 30. Rxb3 Ra2+ 31. Rb2 Rxb2+ 32. Kxb2 Ra8 33. Kb3 Be7 34.
f4 exf4 35. gxf4 Bf6 36. Rf1 1/2-1/2

[Event "World Senior Teams +50"]
[Site "Radebeul GER"]
[Date "2016.07.03"]
[Round "8.9"]
[Board "2"]
[White "Pruefer, Friedbert"]
[Black "Ianov, Viktor"]
[Result "1/2-1/2"]
[BlackTitle "IM"]
[WhiteElo "2165"]
[BlackElo "2324"]
[WhiteTeam "Schachfreunde Leipzig 50+"]
[BlackTeam "Obuchiw"]
[WhiteFideId "24699772"]
[BlackFideId "14102730"]
[EventDate "2016.06.26"]

1. c4 g6 2. Nc3 c5 3. Nf3 Bg7 4. g3 Nc6 5. Bg2 d6 6. O-O Nh6 7. d3 Nf5 8. Bd2
O-O 9. Rb1 Bd7 10. a3 a5 11. Nb5 a4 12. e3 h5 13. Bc3 Na7 14. Bxg7 Kxg7 15. e4
Nh6 16. Nc3 Qa5 17. b4 axb3 18. Qxb3 Rfb8 19. Nd5 Nc8 20. Ra1 b5 21. Rfb1 bxc4
22. Qxc4 Rxb1+ 23. Rxb1 Qxa3 24. h3 Ra4 25. Qc2 e6 26. Rb3 Qa1+ 27. Rb1 Qa3 28.
Rb3 1/2-1/2

[Event "World Senior Teams +50"]
[Site "Radebeul GER"]
[Date "2016.07.03"]
[Round "8.9"]
[Board "3"]
[White "Kernazhitsky, Leonid"]
[Black "Teichgraeber, Michael"]
[Result "1-0"]
[WhiteTitle "IM"]
[WhiteElo "2285"]
[BlackElo "2081"]
[WhiteTeam "Obuchiw"]
[BlackTeam "Schachfreunde Leipzig 50+"]
[WhiteFideId "14102102"]
[BlackFideId "4683129"]
[EventDate "2016.06.26"]

1. e4 d6 2. d4 g6 3. Nc3 Bg7 4. Be3 a6 5. f4 e6 6. Nf3 Ne7 7. a4 Nd7 8. Bd3 c5
9. dxc5 Nxc5 10. Qd2 Qc7 11. O-O O-O 12. Ra3 b6 13. b4 Nxd3 14. cxd3 Qb7 15. Qf2
Rb8 16. Bd4 f6 17. b5 Bd7 18. Nd2 d5 19. exd5 exd5 20. Nf3 a5 21. Qa2 Be6 22.
Bf2 Bf7 23. Ne2 Rfc8 24. Qd2 Qd7 25. Ned4 Rb7 26. Raa1 Qd6 27. Rfc1 Rxc1+ 28.
Rxc1 Be8 29. h3 Bd7 30. Ne2 Qa3 31. Qd1 Bf5 32. Rc3 Qd6 33. Qc1 Bd7 34. Bg3 Nf5
35. Bh2 h5 36. Kh1 Qb4 37. Rc7 Rxc7 38. Qxc7 Qxa4 39. Qxd7 Qd1+ 40. Nfg1 Qxd3
41. Qe6+ Kh7 42. Qxb6 d4 43. Qxa5 Qe4 44. Qd2 Ne3 45. Nxd4 f5 46. Ngf3 Kh6 47.
Bg1 Nd5 48. Nc6 Bc3 49. Qc1 Qc4 50. Bd4 1-0

[Event "World Senior Teams +50"]
[Site "Radebeul GER"]
[Date "2016.07.03"]
[Round "8.9"]
[Board "4"]
[White "Schober, Ralf"]
[Black "Semenov, Valeri"]
[Result "1/2-1/2"]
[BlackTitle "FM"]
[WhiteElo "2029"]
[BlackElo "2279"]
[WhiteTeam "Schachfreunde Leipzig 50+"]
[BlackTeam "Obuchiw"]
[WhiteFideId "4673140"]
[BlackFideId "14101319"]
[EventDate "2016.06.26"]

1. Nf3 c5 2. c4 g6 3. g3 Bg7 4. Bg2 Nc6 5. Nc3 e5 6. d3 Nge7 7. Rb1 d6 8. Bd2
O-O 9. Qc1 Nf5 10. Bg5 f6 11. Bd2 Re8 12. O-O Rb8 13. Re1 Be6 14. a3 a5 15. Nb5
Bf8 16. Nc3 Nfe7 17. e4 Nd4 18. b3 Nec6 19. Qd1 Bg4 20. Be3 Bg7 21. Nb5 Rf8 22.
Bxd4 exd4 23. h3 Be6 24. Qd2 Qd7 25. Kh2 b6 26. a4 Nb4 27. Na3 Rbe8 28. Nc2 Nc6
29. Re2 Re7 30. Rbe1 Rfe8 31. Ng1 Nd8 32. f4 Nf7 33. Rf2 1/2-1/2

[Event "World Senior Teams +50"]
[Site "Radebeul GER"]
[Date "2016.07.03"]
[Round "8.10"]
[Board "1"]
[White "Heidrich, Manfred"]
[Black "Kuhne, Detlev"]
[Result "1-0"]
[WhiteTitle "FM"]
[WhiteElo "2339"]
[BlackElo "2085"]
[WhiteTeam "SC Forchheim e.V."]
[BlackTeam "Stiftung BSW / DBAG II"]
[WhiteFideId "4602722"]
[BlackFideId "4642872"]
[EventDate "2016.06.26"]

1. e4 c5 2. c3 d5 3. exd5 Qxd5 4. d4 Nf6 5. Nf3 Nc6 6. dxc5 Qxc5 7. Be2 Bg4 8.
h3 Bf5 9. Na3 a6 10. Be3 Qd5 11. Nc4 Qxd1+ 12. Rxd1 e6 13. Nb6 Rd8 14. Rxd8+
Nxd8 15. Ne5 Be7 16. O-O O-O 17. Rd1 Be4 18. f3 Bc6 19. c4 Nh5 20. Nxc6 Nxc6 21.
Rd7 Ng3 22. Bd1 Rd8 23. Bf2 Rxd7 24. Nxd7 Nf5 25. Nc5 Bxc5 26. Bxc5 e5 27. Bc2
Nfd4 28. Be4 g6 29. Kf2 Kg7 30. Ke3 Nf5+ 31. Kd3 Kf6 32. b4 Ng7 33. Kc3 Ne6 34.
Be3 Ke7 35. a4 f5 36. Bd5 f4 37. Bf2 g5 38. b5 axb5 39. cxb5 Ncd8 40. Kc4 Kd6
41. a5 Nc7 42. Bc5+ Kd7 43. Bb6 Kd6 44. Bxc7+ Kxc7 45. Kc5 h5 46. a6 b6+ 47. Kc4 1-0

[Event "World Senior Teams +50"]
[Site "Radebeul GER"]
[Date "2016.07.03"]
[Round "8.10"]
[Board "2"]
[White "Stahr, Ralf-Peter"]
[Black "Bartsch, Berthold"]
[Result "0-1"]
[BlackTitle "FM"]
[WhiteElo "2018"]
[BlackElo "2270"]
[WhiteTeam "Stiftung BSW / DBAG II"]
[BlackTeam "SC Forchheim e.V."]
[WhiteFideId "4661745"]
[BlackFideId "4604660"]
[EventDate "2016.06.26"]

1. c4 c6 2. d4 d5 3. Nf3 Nf6 4. Nc3 e6 5. Bg5 Nbd7 6. e4 dxe4 7. Nxe4 Be7 8. Nc3
O-O 9. Be2 a6 10. a4 c5 11. O-O Qb6 12. a5 Qc7 13. d5 Ne5 14. Qd2 Ng6 15. Rfd1
Rd8 16. h3 h6 17. Bxf6 Bxf6 18. Ne4 Be7 19. Bf1 f5 20. Nc3 e5 21. Na4 e4 22. Nb6
Rb8 23. Ne1 Qe5 24. Ra3 Bd6 25. g3 f4 26. Nxc8 Rbxc8 27. Ng2 Rf8 28. Re1 Rce8
29. gxf4 Nxf4 30. Nxf4 Rxf4 31. Bg2 Ref8 32. Re2 Rf3 33. Qc2 Qh2+ 34. Kf1 Bg3
35. Rae3 Rxf2+ 36. Rxf2 Rxf2+ 37. Qxf2 Bxf2 38. Kxf2 Qf4+ 39. Ke2 Qe5 40. Bxe4
Qxb2+ 41. Kf3 Kf7 42. Rd3 Qf6+ 43. Ke2 Qd6 44. Rb3 Qh2+ 45. Kf1 Ke8 46. Bg2 Qf4+
47. Kg1 Qd4+ 48. Kh2 Qxc4 49. Rxb7 Qf4+ 50. Kh1 c4 51. Rb6 c3 52. d6 c2 0-1

[Event "World Senior Teams +50"]
[Site "Radebeul GER"]
[Date "2016.07.03"]
[Round "8.10"]
[Board "3"]
[White "Seyb, Dieter"]
[Black "Tichatschke, Wolfgang"]
[Result "1-0"]
[WhiteTitle "FM"]
[WhiteElo "2265"]
[BlackElo "1975"]
[WhiteTeam "SC Forchheim e.V."]
[BlackTeam "Stiftung BSW / DBAG II"]
[WhiteFideId "4603346"]
[BlackFideId "4665724"]
[EventDate "2016.06.26"]

1. e4 e6 2. d4 d5 3. Nc3 Bb4 4. e5 c5 5. Bd2 a6 6. a3 cxd4 7. axb4 dxc3 8. Bxc3
Ne7 9. Qg4 O-O 10. Nf3 Qc7 11. Bd3 g6 12. Qg5 Rd8 13. O-O Nec6 14. b5 d4 15. Bd2
Ne7 16. Qh6 Nd5 17. Bg5 Nd7 18. Bxd8 Qxd8 19. Ra4 Qf8 20. Qxf8+ Kxf8 21. bxa6
bxa6 22. Rxd4 Rb8 23. b3 Nb4 24. Be4 Nc5 25. c3 Na2 26. b4 Nxe4 27. Rxe4 Nxc3
28. Rc4 Nd5 29. Rfc1 Bd7 30. Ng5 Kg7 31. Ne4 Bb5 32. Rc8 Rb6 33. Nd6 Bd7 34. Ra8
Nxb4 35. Rb1 Bc6 36. Ra7 Bd5 37. Rxf7+ Kg8 38. Ra7 Rb8 39. h3 Ba2 40. Rb2 Bd5
41. Kh2 h6 42. Kg3 Bc6 43. Nc4 Bd5 44. Ne3 Ba2 45. Nc2 Nc6 46. Rxb8+ Nxb8 47.
Ra8 1-0

[Event "World Senior Teams +50"]
[Site "Radebeul GER"]
[Date "2016.07.03"]
[Round "8.10"]
[Board "4"]
[White "Schneider, Karl-Heinz"]
[Black "Kannenberg, Karl-Heinz"]
[Result "0-1"]
[WhiteElo "1975"]
[BlackElo "2236"]
[WhiteTeam "Stiftung BSW / DBAG II"]
[BlackTeam "SC Forchheim e.V."]
[WhiteFideId "24675300"]
[BlackFideId "4643348"]
[EventDate "2016.06.26"]

1. e4 c6 2. d4 d5 3. exd5 cxd5 4. Bd3 Nc6 5. Ne2 Nf6 6. c3 e6 7. Bg5 Bd6 8. Nd2
Bd7 9. Qc2 Rc8 10. a3 h6 11. Bh4 a6 12. Nf3 b5 13. O-O O-O 14. Qd1 Be7 15. Rc1
Ne4 16. Bxe7 Qxe7 17. Nd2 f5 18. f3 Nd6 19. Re1 Nc4 20. Bxc4 bxc4 21. Nf4 Qd6
22. Ng6 Rfd8 23. Nf1 Kh7 24. Ne5 Nxe5 25. Rxe5 Rb8 26. Qd2 Rb3 27. Qe2 Rdb8 28.
Rc2 Qb6 29. Ng3 Rxb2 30. Nh5 Rxc2 31. Qxc2 Qb1+ 32. Qxb1 Rxb1+ 33. Kf2 Kg6 34.
Nf4+ Kf7 35. Re1 Rb3 36. Ne2 Rxa3 37. Rb1 Bb5 38. Ke1 Ra2 39. h3 Kf6 40. g4 g6
41. h4 Rc2 42. Rc1 Rxc1+ 43. Nxc1 fxg4 44. fxg4 e5 45. Ne2 exd4 46. Nxd4 Bd7 47.
Nc2 a5 48. Ne3 Ke5 49. g5 h5 50. Kd2 Bf5 51. Ke2 Be4 52. Nd1 Kf4 53. Nb2 Kg3 54.
Ke3 Kxh4 55. Kf4 Kh3 56. Nxc4 dxc4 57. Kxe4 a4 0-1

[Event "World Senior Teams +50"]
[Site "Radebeul GER"]
[Date "2016.07.03"]
[Round "8.11"]
[Board "2"]
[White "Druckenthaner, Andreas"]
[Black "Wegerer, Fred"]
[Result "1/2-1/2"]
[WhiteTitle "FM"]
[BlackTitle "FM"]
[WhiteElo "2281"]
[BlackElo "2110"]
[WhiteTeam "Austria"]
[BlackTeam "Graz"]
[WhiteFideId "1600567"]
[BlackFideId "1601113"]
[EventDate "2016.06.26"]

1. e4 c5 2. Nf3 e6 3. d4 cxd4 4. Nxd4 a6 5. Nc3 Qc7 6. Qf3 Nc6 7. Nxc6 Qxc6 8.
Bd3 d6 9. a4 Nf6 10. O-O Be7 11. Bb5 axb5 12. axb5 Qxe4 13. Rxa8 Qxf3 14. gxf3
Kd7 15. Be3 Kc7 16. Rfa1 Nd7 17. R1a4 d5 18. Bf4+ Bd6 19. b6+ Kc6 20. Bxd6 Kxd6
21. Nb5+ Kc5 22. R4a5 Nxb6 23. Na7+ Kd6 24. Nxc8+ Nxc8 25. Ra3 Rd8 26. Rc3 Kd7
27. Kf1 g5 28. Rb3 Kc7 29. Rb4 b6 30. f4 h6 31. Ke2 Kb7 32. Rba4 Rd6 33. Kf3 f5
34. c3 Rc6 35. Ke3 b5 36. Ra3 Rc4 37. fxg5 hxg5 38. R8a5 Kc6 39. Ra8 Kb7 40.
R8a5 Kc6 41. Ra8 Kb7 42. R8a5 Kc6 43. Ra8 1/2-1/2

[Event "World Senior Teams +50"]
[Site "Radebeul GER"]
[Date "2016.07.03"]
[Round "8.11"]
[Board "4"]
[White "Gattermayer, Robert"]
[Black "Kainz, Josef"]
[Result "1/2-1/2"]
[WhiteElo "2003"]
[BlackElo "1877"]
[WhiteTeam "Austria"]
[BlackTeam "Graz"]
[WhiteFideId "1602870"]
[BlackFideId "1613030"]
[EventDate "2016.06.26"]

1. e4 c5 2. Nc3 Nc6 3. d3 g6 4. g3 Bg7 5. Bg2 d6 6. Rb1 Nf6 7. Bd2 O-O 8. Nf3
Rb8 9. O-O b5 10. a3 a5 11. a4 Bg4 12. Nxb5 Ne5 13. Bc3 Nfd7 14. Qe2 f5 15. Qe3
f4 16. gxf4 Bxf3 17. Bxf3 Bh6 18. Bg2 Bxf4 19. Qh3 Rf6 20. d4 cxd4 21. Nxd4 Nc5
22. b3 Qf8 23. Rbd1 g5 24. Nf5 e6 25. Bxe5 dxe5 26. Ng3 Rh6 27. Qg4 Rh4 28. Qe2
Rb4 29. f3 Qh6 30. Qf2 g4 31. Rfe1 Rd4 32. Rxd4 exd4 33. Qxd4 gxf3 34. Qxc5 fxg2
35. Qc8+ Kf7 36. Qd7+ Kf8 37. Qd8+ Kf7 38. Qd7+ Kf8 39. Qd8+ 1/2-1/2

[Event "World Senior Teams +50"]
[Site "Radebeul GER"]
[Date "2016.07.03"]
[Round "8.12"]
[Board "1"]
[White "Kyas, Juergen"]
[Black "Wagner-Michel, Annett"]
[Result "1/2-1/2"]
[BlackTitle "WIM"]
[WhiteElo "2190"]
[BlackElo "2139"]
[WhiteTeam "SV Eiche Reichenbrand"]
[BlackTeam "Germany 1 Women"]
[WhiteFideId "4618157"]
[BlackFideId "4612205"]
[EventDate "2016.06.26"]

1. e4 c5 2. Nf3 Nc6 3. d4 cxd4 4. Nxd4 Nf6 5. Nc3 d6 6. Be2 Bd7 7. O-O a6 8. a4
e6 9. Be3 Be7 10. f4 O-O 11. Bf3 Rc8 12. Qe1 Qc7 13. Qg3 Rfd8 14. Rad1 Nxd4 15.
Bxd4 b5 16. axb5 axb5 17. e5 Ne8 18. Ne4 1/2-1/2

[Event "World Senior Teams +50"]
[Site "Radebeul GER"]
[Date "2016.07.03"]
[Round "8.12"]
[Board "3"]
[White "Doering, Hans-Ulrich"]
[Black "Wolf, Sylvia"]
[Result "1/2-1/2"]
[BlackTitle "WFM"]
[WhiteElo "2131"]
[BlackElo "2034"]
[WhiteTeam "SV Eiche Reichenbrand"]
[BlackTeam "Germany 1 Women"]
[WhiteFideId "24642495"]
[BlackFideId "4612701"]
[EventDate "2016.06.26"]

1. d4 Nf6 2. Nf3 e6 3. Bf4 d6 4. e3 g6 5. c4 Bg7 6. h3 O-O 7. Nc3 b6 8. Be2 Bb7
9. O-O Nbd7 10. b4 Ne4 11. Nxe4 Bxe4 12. Qb3 Qe7 13. Rfe1 Rac8 14. Rad1 e5 15.
Bg5 Qe8 16. Bh4 Kh8 17. Bg3 Bxf3 18. Bxf3 e4 19. Be2 Qe6 20. Qa4 f5 21. Qxa7 g5
22. c5 f4 23. Bg4 Qf7 24. exf4 gxf4 25. Bh4 h5 26. Bxd7 Qxd7 27. cxb6 f3 28.
Rxe4 fxg2 29. Kxg2 Qf5 30. Rde1 Qf3+ 31. Kh2 Bh6 32. Bg3 Ra8 33. Qxa8 Rxa8 34.
Re8+ Rxe8 35. Rxe8+ Kh7 36. bxc7 h4 37. Re7+ Kg6 38. c8=Q hxg3+ 39. fxg3 Qf2+ 1/2-1/2

[Event "World Senior Teams +50"]
[Site "Radebeul GER"]
[Date "2016.07.03"]
[Round "8.12"]
[Board "4"]
[White "Jeske, Kirsten"]
[Black "Schmidt, Guenter"]
[Result "1/2-1/2"]
[WhiteElo "1960"]
[BlackElo "2042"]
[WhiteTeam "Germany 1 Women"]
[BlackTeam "SV Eiche Reichenbrand"]
[WhiteFideId "4612728"]
[BlackFideId "4613996"]
[EventDate "2016.06.26"]

1. e4 c5 2. Nf3 Nc6 3. d4 cxd4 4. Nxd4 Nf6 5. Nc3 d6 6. Be2 g6 7. O-O Bg7 8. Be3
O-O 9. Kh1 Bd7 10. f4 Rc8 11. Bf3 Qa5 12. Nb3 Qc7 13. Nb5 Qb8 14. c3 Rfd8 15.
N5d4 1/2-1/2

[Event "World Senior Teams +50"]
[Site "Radebeul GER"]
[Date "2016.07.03"]
[Round "8.13"]
[Board "1"]
[White "Nake, Matthias"]
[Black "Buchal, Stephan"]
[Result "0-1"]
[BlackTitle "FM"]
[WhiteElo "2217"]
[BlackElo "2338"]
[WhiteTeam "SG Gruen-Weiss Dresden"]
[BlackTeam "Werder/BSG Bremen"]
[WhiteFideId "24653861"]
[BlackFideId "4603915"]
[EventDate "2016.06.26"]

1. e4 g6 2. d4 Bg7 3. Nc3 d6 4. f4 a6 5. Nf3 b5 6. Be3 Nd7 7. Bd3 c5 8. e5 Bb7
9. Be4 Bxe4 10. Nxe4 Nh6 11. O-O Ng4 12. Bf2 O-O 13. c3 cxd4 14. cxd4 Nb6 15. h3
Nxf2 16. Rxf2 Qd7 17. Kh2 Rac8 18. Rc1 Qf5 19. Rxc8 Rxc8 20. Nfd2 Nc4 21. g4 Qe6
22. Qf3 Nxd2 23. Rxd2 Qxa2 24. Nc3 Qc4 25. Nd5 Re8 26. f5 dxe5 27. fxg6 fxg6 28.
b3 Qc8 29. Rf2 Qb8 30. Qf7+ Kh8 31. Qe6 exd4+ 32. Kg2 Qe5 33. Re2 Qxe6 34. Rxe6
Rd8 35. Rxe7 Rxd5 36. Re8+ Bf8 37. Rxf8+ Kg7 38. Rf2 d3 39. Rd2 Kf6 40. Kf3 Ke5
41. Ke3 a5 0-1